000 00430nam a2200181Ia 4500
001 2829
005 20260306144836.0
008 260306t1995||||xx |||||||||||||| ||spa||
041 _aESP
082 _a230.2
_bS64
100 _aSociedad Chilena de Teología
_eAUT
245 0 _aPluralidad en la teología
260 _c1995
300 _a258 páginas :
_c19 cm.
650 _aGEN
654 _aCHU
942 _cLIB
_dJUS
_fJUS
_2ddc
_n
999 _c2829
_d2829